[Event "Goch op 23rd"]
[Site "Goch"]
[Date "2012.09.01"]
[Round "4"]
[White "Weber, Rolf"]
[Black "Backes, Juergen"]
[Result "1-0"]
[WhiteElo "2006"]
[BlackElo "1716"]
[PlyCount "57"]
[EventDate "2012.08.30"]
[EventType "swiss"]
[EventRounds "7"]
[EventCountry "GER"]
[SourceTitle "EXT 2015"]
[Source "ChessBase"]
[SourceDate "2014.11.20"]
[SourceVersion "1"]
[SourceVersionDate "2014.11.20"]
[SourceQuality "1"]

1. e4 g6 2. d4 Bg7 3. c3 d6 4. Bd3 Nf6 5. f3 c5 6. Be3 Nbd7 7. Ne2 a6 8. a4 0-0 9. Nd2 Rb8 10. 0-0 b5 11. a5 Bb7 12. Qe1 e5 13. Qf2 c4 14. Bc2 d5 15. Bg5 Qc7 16. Qh4 Ne8 17. Be7 Bf6 18. Bxf6 Nexf6 19. f4 exd4 20. e5 dxc3 21. Nf3 cxb2 22. Rab1 Rfe8 23. Ned4 Ne4 24. Qh6 Nf8 25. f5 gxf5 26. Nxf5 Ne6 27. Bxe4 dxe4 28. Ng5 Qxe5 29. Qxh7+ 1-0

[Event "Goch op 23rd"]
[Site "Goch"]
[Date "2012.08.30"]
[Round "1"]
[White "Backes, Juergen"]
[Black "Lenaerts, Lennert"]
[Result "0-1"]
[WhiteElo "1716"]
[BlackElo "2059"]
[PlyCount "54"]
[EventDate "2012.08.30"]
[EventType "swiss"]
[EventRounds "7"]
[EventCountry "GER"]
[SourceTitle "EXT 2015"]
[Source "ChessBase"]
[SourceDate "2014.11.20"]
[SourceVersion "1"]
[SourceVersionDate "2014.11.20"]
[SourceQuality "1"]

1. d4 d5 2. Nf3 Nf6 3. g3 e6 4. Bg2 c5 5. 0-0 Nc6 6. Bf4 Qb6 7. Nc3 cxd4 8. Na4 Qa5 9. b3 Bd7 10. Nxd4 Nxd4 11. Qxd4 Bxa4 12. Qxa4+ Qxa4 13. bxa4 Rc8 14. Rab1 b6 15. Rb2 Ba3 16. Rb3 Be7 17. c3 0-0 18. Rc1 Rc5 19. Rb5 Rfc8 20. Bd2 h6 21. e3 Nd7 22. f4 Rc4 23. a5 a6 24. Rxb6 Nxb6 25. axb6 Rb8 26. Rb1 Rb7 27. e4 Bc5+ 0-1

[Event "Solingen Karneval op"]
[Site "Solingen"]
[Date "2012.02.17"]
[Round "1"]
[White "Philippe, Denis"]
[Black "Backes, Juergen"]
[Result "1-0"]
[WhiteElo "2103"]
[BlackElo "1739"]
[PlyCount "55"]
[EventDate "2012.02.17"]
[EventType "swiss"]
[EventRounds "5"]
[EventCountry "GER"]
[SourceTitle "EXT 2015"]
[Source "ChessBase"]
[SourceDate "2014.11.20"]
[SourceVersion "1"]
[SourceVersionDate "2014.11.20"]
[SourceQuality "1"]

1. d4 Nf6 2. Nf3 g6 3. Nc3 d5 4. Bf4 c6 5. e3 Bg7 6. Be2 Bf5 7. Qd2 Ne4 8. Nxe4 Bxe4 9. 0-0 Nd7 10. Ng5 Nf6 11. Nxe4 Nxe4 12. Qb4 Qb6 13. a3 Qxb4 14. axb4 g5 15. Be5 Bxe5 16. dxe5 Kd7 17. f3 Nd2 18. Rfd1 Nb3 19. cxb3 a6 20. Rd4 e6 21. f4 h5 22. fxg5 h4 23. Rf1 Ke7 24. Rdf4 Raf8 25. g6 fxg6 26. Rxf8 Rxf8 27. Rxf8 Kxf8 28. Kf2 1-0

[Event "Goch op 22nd"]
[Site "Goch"]
[Date "2011.10.02"]
[Round "7"]
[White "Backes, Juergen"]
[Black "Bettman, Jan"]
[Result "0-1"]
[WhiteElo "1719"]
[BlackElo "1890"]
[PlyCount "80"]
[EventDate "2011.09.29"]
[EventType "swiss"]
[EventRounds "7"]
[EventCountry "GER"]
[SourceTitle "EXT 2014"]
[Source "ChessBase"]
[SourceDate "2013.11.20"]
[SourceVersion "1"]
[SourceVersionDate "2013.11.20"]
[SourceQuality "1"]

1. d4 Nf6 2. c4 Nc6 3. Nc3 e5 4. d5 Nd4 5. e3 Nf5 6. Bd3 Nh4 7. g3 Ng6 8. Nge2 d6 9. Qc2 Bh3 10. Bf5 Bg2 11. Rg1 Bf3 12. Qa4+ c6 13. e4 Ne7 14. Bg5 Qc7 15. 0-0-0 b5 16. cxb5 Bxe2 17. bxc6 Nxf5 18. Nxe2 Nxd5 19. exd5 Be7 20. Bd2 a5 21. g4 Nh4 22. Rg3 0-0 23. g5 Nf5 24. Rh3 g6 25. f4 Rfe8 26. Ng3 Nd4 27. Be3 Rab8 28. Bxd4 Rb4 29. Qc2 exd4 30. a3 d3 31. Qf2 Rb3 32. Nf1 d2+ 33. Rxd2 Rxh3 34. Ng3 Qc8 35. Qa7 Bd8 36. Rc2 Re1+ 37. Kd2 Rxh2+ 38. Kxe1 Rxc2 39. Ne4 Qh3 40. Nf6+ Kh8 0-1

[Event "Dortmund Sparkassen op-B"]
[Site "Dortmund"]
[Date "2010.07.23"]
[Round "7"]
[White "Budszuhn, Mirko"]
[Black "Backes, Juergen"]
[Result "1-0"]
[WhiteElo "1404"]
[BlackElo "1749"]
[PlyCount "119"]
[EventDate "2010.07.17"]
[EventType "swiss"]
[EventRounds "9"]
[EventCountry "GER"]
[SourceTitle "EXT 2014"]
[Source "ChessBase"]
[SourceDate "2013.11.20"]
[SourceVersion "1"]
[SourceVersionDate "2013.11.20"]
[SourceQuality "1"]

1. e4 g6 2. d4 Bg7 3. Nf3 d6 4. Bd3 Bg4 5. c3 Nf6 6. 0-0 0-0 7. h3 Bxf3 8. Qxf3 Nbd7 9. Bg5 c5 10. Nd2 Rb8 11. Qe3 b5 12. Bh6 Qb6 13. Bxg7 Kxg7 14. e5 cxd4 15. exf6+ Nxf6 16. Qxd4 Qxd4 17. cxd4 Rfc8 18. Rac1 a6 19. Nb3 Nd5 20. Rxc8 Rxc8 21. Rc1 Rxc1+ 22. Nxc1 Nb4 23. a3 Nc6 24. Ne2 f5 25. f3 h5 26. Kf2 h4 27. f4 Kf6 28. Ke3 Ke6 29. a4 bxa4 30. Bxa6 Nb4 31. Bd3 Nd5+ 32. Kd2 Kf6 33. Bb5 Nb6 34. Nc3 e5 35. dxe5+ dxe5 36. fxe5+ Kxe5 37. Nxa4 Nd5 38. Bc6 Nf4 39. b4 Kd6 40. b5 g5 41. Ke3 Nd5+ 42. Bxd5 Kxd5 43. b6 Kc6 44. Nc5 Kxb6 45. Ne6 g4 46. Kf4 gxh3 47. gxh3 Kc6 48. Kxf5 Kd6 49. Ng7 Ke7 50. Kg6 Kf8 51. Nf5 Kg8 52. Nxh4 Kh8 53. Kh6 Kg8 54. Ng6 Kf7 55. Kh7 Kf6 56. h4 Kf7 57. h5 Kf6 58. Nf4 Kg5 59. h6 Kf6 60. Kg8 1-0

[Event "Dortmund Sparkassen op-B"]
[Site "Dortmund"]
[Date "2010.07.17"]
[Round "1"]
[White "Simon, Thomas"]
[Black "Backes, Juergen"]
[Result "1-0"]
[WhiteElo "1971"]
[BlackElo "1749"]
[PlyCount "51"]
[EventDate "2010.07.17"]
[EventType "swiss"]
[EventRounds "9"]
[EventCountry "GER"]
[SourceTitle "EXT 2014"]
[Source "ChessBase"]
[SourceDate "2013.11.20"]
[SourceVersion "1"]
[SourceVersionDate "2013.11.20"]
[SourceQuality "1"]

1. Nf3 Nf6 2. g3 g6 3. b3 Bg7 4. Bb2 d5 5. c4 0-0 6. Bg2 c6 7. 0-0 Bf5 8. d3 Na6 9. Nbd2 Nc7 10. Qc2 Rc8 11. a3 Re8 12. Rac1 Nd7 13. Bxg7 Kxg7 14. Nd4 e5 15. Nxf5+ gxf5 16. Nf3 Ne6 17. Nh4 Nd4 18. Qb2 dxc4 19. Rxc4 Nb6 20. Rc5 Qd7 21. e3 Nb5 22. Rxe5 Rxe5 23. Qxe5+ f6 24. Nxf5+ Kf7 25. Qf4 Rd8 26. Bf3 1-0

[Event "Nettetal op"]
[Site "Nettetal"]
[Date "2010.07.09"]
[Round "8"]
[White "Backes, Juergen"]
[Black "Stelter, Wilhelm"]
[Result "0-1"]
[WhiteElo "1749"]
[BlackElo "1754"]
[PlyCount "64"]
[EventDate "2010.07.03"]
[EventType "swiss"]
[EventRounds "9"]
[EventCountry "GER"]
[SourceTitle "CBM 137 Extra"]
[Source "ChessBase"]
[SourceDate "2010.09.01"]
[SourceVersion "1"]
[SourceVersionDate "2010.09.01"]
[SourceQuality "1"]

1. Nf3 d5 2. g3 Nf6 3. Bg2 Bf5 4. 0-0 e6 5. d3 Nbd7 6. Nbd2 e5 7. c4 c6 8. b3 Bd6 9. Bb2 0-0 10. e4 dxe4 11. dxe4 Bg4 12. Qc2 Re8 13. Rfe1 a5 14. a3 Qe7 15. Nf1 g6 16. Ne3 Be6 17. Ng5 Rab8 18. Qd2 Bc7 19. Rad1 Kg7 20. Qc3 Nc5 21. b4 Na4 22. Nxe6+ Qxe6 23. Qc2 Nxb2 24. Qxb2 axb4 25. axb4 Rbd8 26. b5 Ba5 27. Rxd8 Rxd8 28. Ra1 Bb6 29. bxc6 Bxe3 30. cxb7 Bd4 31. Qd2 Qb6 32. Ra8 Rg8 0-1

[Event "Dortmund op-B"]
[Site "Dortmund"]
[Date "2009.07.08"]
[Round "5"]
[White "Ziemek, Gerhard"]
[Black "Backes, Juergen"]
[Result "1-0"]
[WhiteElo "1710"]
[BlackElo "1474"]
[PlyCount "61"]
[EventDate "2009.07.04"]
[EventType "swiss"]
[EventRounds "9"]
[EventCountry "GER"]
[SourceTitle "EXT 2012"]
[Source "ChessBase"]
[SourceDate "2011.11.24"]
[SourceVersion "1"]
[SourceVersionDate "2011.11.24"]
[SourceQuality "1"]

1. d4 Nf6 2. Nc3 g6 3. e4 d6 4. Bd3 Bg7 5. Nf3 0-0 6. Be3 Nbd7 7. 0-0 c5 8. a3 Ng4 9. h3 Nxe3 10. fxe3 b6 11. Bc4 h6 12. Qe1 a6 13. Rd1 e6 14. Qg3 Qe7 15. dxc5 dxc5 16. e5 Bb7 17. e4 Nxe5 18. Nxe5 Qc7 19. Rd7 Qb8 20. Bxe6 Qxe5 21. Qxe5 Bxe5 22. Bxf7+ Rxf7 23. Rfxf7 Bc6 24. Ra7 Bxc3 25. bxc3 Rd8 26. Rg7+ Kf8 27. e5 Rd1+ 28. Kh2 Rd2 29. Rxg6 Bd5 30. Rg4 Bf3 31. Rf4+ 1-0

[Event "Oberhausen op"]
[Site "Oberhausen"]
[Date "2009.04.09"]
[Round "1"]
[White "Poley, Vladimir"]
[Black "Backes, Juergen"]
[Result "1-0"]
[WhiteElo "2342"]
[BlackElo "1783"]
[PlyCount "65"]
[EventDate "2009.04.09"]
[EventType "swiss"]
[EventRounds "7"]
[EventCountry "GER"]
[SourceTitle "CBM 129 Extra"]
[Source "ChessBase"]
[SourceDate "2009.05.05"]
[SourceVersion "2"]
[SourceVersionDate "2009.05.20"]
[SourceQuality "1"]

1. Nf3 d5 2. g3 Nf6 3. Bg2 g6 4. b4 Bg7 5. Bb2 Nbd7 6. 0-0 0-0 7. d3 b6 8. c4 Bb7 9. Nbd2 e6 10. a4 c5 11. b5 Re8 12. a5 bxa5 13. Nb3 a4 14. Rxa4 Nb6 15. Ra1 dxc4 16. Nxc5 Bxf3 17. Bxf3 Rc8 18. Nb7 Qd7 19. Bc6 Rxc6 20. bxc6 Qxc6 21. Na5 Qb5 22. Nxc4 Nxc4 23. Bxf6 Bxf6 24. dxc4 Qc5 25. Qa4 Re7 26. Rfb1 Rc7 27. Rb8+ Rc8 28. Qb4 Qc7 29. Rxc8+ Qxc8 30. Rd1 Qf8 31. c5 a6 32. Qb6 Be7 33. c6 1-0

[Event "Goch op 19th"]
[Site "Goch"]
[Date "2008.10.12"]
[Round "7"]
[White "Backes, Juergen"]
[Black "Walter, Andreas"]
[Result "1/2-1/2"]
[WhiteElo "1786"]
[BlackElo "1546"]
[PlyCount "36"]
[EventDate "2008.10.09"]
[EventType "swiss"]
[EventRounds "7"]
[EventCountry "GER"]
[SourceTitle "EXT 2011"]
[Source "ChessBase"]
[SourceDate "2010.11.26"]
[SourceVersion "1"]
[SourceVersionDate "2010.11.26"]
[SourceQuality "1"]

1. d4 f5 2. Nf3 Nf6 3. g3 e6 4. Bg2 d5 5. 0-0 c6 6. Bf4 Be7 7. Nbd2 0-0 8. c4 Qe8 9. c5 Qh5 10. Ne5 Nbd7 11. Bf3 Qh3 12. Bg2 Qh5 13. Bf3 Ng4 14. Bxg4 fxg4 15. f3 Nf6 16. fxg4 Nxg4 17. Nxg4 Qxg4 18. e4 Qxd1 1/2-1/2

[Event "Goch op 18th"]
[Site "Goch"]
[Date "2007.10.05"]
[Round "3"]
[White "Liesenfeld, Holger"]
[Black "Backes, Juergen"]
[Result "0-1"]
[WhiteElo "1875"]
[BlackElo "1563"]
[PlyCount "28"]
[EventDate "2007.10.04"]
[EventType "swiss"]
[EventRounds "7"]
[EventCountry "GER"]
[SourceTitle "EXT 2011"]
[Source "ChessBase"]
[SourceDate "2010.11.26"]
[SourceVersion "1"]
[SourceVersionDate "2010.11.26"]
[SourceQuality "1"]

1. b3 c5 2. f4 d5 3. c4 dxc4 4. bxc4 Qd4 5. Nc3 Nf6 6. e3 Qd8 7. Nf3 Nc6 8. Bd3 Qxd3 9. Bb2 Bg4 10. Nb5 0-0-0 11. Qa4 a6 12. Nc3 Bxf3 13. gxf3 Qxd2+ 14. Kf1 Qxb2 0-1

[Event "Duesseldorf Nord Cup 7th GrD"]
[Site "Duesseldorf"]
[Date "2007.08.11"]
[Round "3"]
[White "Backes, Juergen"]
[Black "Fichtner, Ewald"]
[Result "1/2-1/2"]
[WhiteElo "1569"]
[BlackElo "1525"]
[PlyCount "83"]
[EventDate "2007.08.10"]
[EventType "tourn"]
[EventRounds "5"]
[EventCountry "GER"]
[SourceTitle "EXT 2020"]
[Source "ChessBase"]
[SourceDate "2019.10.17"]
[SourceVersion "1"]
[SourceVersionDate "2019.10.17"]
[SourceQuality "1"]

1. d4 Nf6 2. c4 e6 3. Nf3 d5 4. cxd5 exd5 5. Bg5 Bf5 6. Nc3 c6 7. e3 Nbd7 8. Bd3 Bxd3 9. Qxd3 Bd6 10. Rc1 0-0 11. 0-0 h6 12. Bh4 Re8 13. Qf5 Qe7 14. Ne2 Qe6 15. Qxe6 Rxe6 16. Bg3 Bxg3 17. Nxg3 Ne4 18. Nxe4 Rxe4 19. Nd2 Re7 20. Rfe1 f5 21. f3 Rae8 22. Kf2 Kf7 23. h3 g5 24. g4 Kg6 25. Nf1 f4 26. Rc3 Nb6 27. b3 a5 28. Nd2 fxe3+ 29. Rcxe3 Rxe3 30. Rxe3 Rxe3 31. Kxe3 a4 32. Nf1 axb3 33. axb3 Nc8 34. f4 gxf4+ 35. Kxf4 Kf6 36. Ng3 Nd6 37. Nf5 Nxf5 38. gxf5 h5 39. b4 b6 40. h4 b5 41. Kg3 Kxf5 42. Kf3 1/2-1/2

[Event "Goch op 17th"]
[Site "Goch"]
[Date "2006.10.13"]
[Round "2"]
[White "Backes, Juergen"]
[Black "Titgemeyer, Thomas"]
[Result "0-1"]
[WhiteElo "1558"]
[BlackElo "1877"]
[PlyCount "56"]
[EventDate "2006.10.12"]
[EventType "swiss"]
[EventRounds "7"]
[EventCountry "GER"]
[SourceTitle "EXT 2008"]
[Source "ChessBase"]
[SourceDate "2007.11.25"]
[SourceVersion "1"]
[SourceVersionDate "2007.11.25"]
[SourceQuality "1"]

1. d4 d5 2. Nf3 Nf6 3. c4 e6 4. Bg5 Be7 5. Nc3 Nbd7 6. e3 0-0 7. Bd3 c6 8. 0-0 dxc4 9. Bxc4 Nd5 10. Bxe7 Qxe7 11. e4 Nxc3 12. bxc3 b6 13. e5 Bb7 14. Nd2 c5 15. Qg4 cxd4 16. cxd4 Rac8 17. Rac1 Rfd8 18. f4 Qb4 19. Qe2 Bd5 20. Qd3 Bxc4 21. Nxc4 Nc5 22. Qe3 Nb7 23. Qd3 Nc5 24. Qe3 Nb7 25. Qd3 Qb5 26. Rfd1 Na5 27. Rd2 Rc7 28. Rb1 Qxc4 0-1

[Event "Dortmund op-B"]
[Site "Dortmund"]
[Date "2005.07.11"]
[Round "4"]
[White "Backes, Juergen"]
[Black "Kolakovic, Klaudio"]
[Result "0-1"]
[WhiteElo "1453"]
[BlackElo "1827"]
[PlyCount "42"]
[EventDate "2005.07.08"]
[EventType "swiss"]
[EventRounds "9"]
[EventCountry "GER"]
[SourceTitle "CBM 107 Extra"]
[Source "ChessBase"]
[SourceDate "2005.09.01"]
[SourceVersion "1"]
[SourceVersionDate "2005.09.01"]
[SourceQuality "1"]

1. d4 e6 2. c4 c5 3. d5 exd5 4. cxd5 d6 5. e4 g6 6. Nc3 Bg7 7. Bb5+ Bd7 8. Bxd7+ Nxd7 9. f4 Ngf6 10. Nf3 0-0 11. 0-0 Re8 12. Re1 Qc7 13. Nb5 Qb6 14. Nxd6 Qxd6 15. e5 Qxd5 16. exf6 Rxe1+ 17. Qxe1 Nxf6 18. Bd2 Re8 19. Qf1 Ne4 20. Rd1 Bd4+ 21. Nxd4 Qxd4+ 0-1